| 000 | 00540nam a2200181Ia 4500 | ||
|---|---|---|---|
| 001 | 21201 | ||
| 005 | 20260306172902.0 | ||
| 008 | 260306t2024||||xx |||||||||||||| ||spa|| | ||
| 041 | _aESP | ||
| 082 |
_a344.2 _bM42 |
||
| 100 |
_aMendiguri Peralta, David Rosario, _eAUT |
||
| 245 | 0 |
_aEl dolo como magnitud graduable : _bcómo determinar la pena según la intensidad de dolo. Análisis doctrinario y jurisprudencial |
|
| 260 | _c2024 | ||
| 300 |
_a414 páginas : _c25 cm. |
||
| 650 | _aGEN | ||
| 654 | _aCDE | ||
| 942 |
_cLIB _dJUS _fJUS _2ddc _n |
||
| 999 |
_c21201 _d21201 |
||